|
|
|
|
| LEADER |
01011nam a22002412a 4500 |
| 001 |
001246715 |
| 003 |
CZ BrMZK |
| 005 |
20130405100849.0 |
| 007 |
ta |
| 008 |
120906s1974 ru a er|||||||||||rus d |
| 040 |
|
|
|a BOA001
|b cze
|
| 080 |
9 |
|
|a 551.49(285.2-3)(082)=82
|
| 245 |
0 |
0 |
|a Gidrologičeskije processy i prirodnaja sreda /
|c otv. red. K.Je. Ivanov
|
| 260 |
|
|
|a Leningrad :
|b Izdatel'stvo Leningradskogo universiteta,
|c 1974
|
| 300 |
|
|
|a 166 s. :
|b il.
|
| 490 |
1 |
|
|a Učenyje zapiski Leningradskogo ord. Lenina i ord. Trudovogo Krasnogo Znameni gosudarstvennogo universiteta im. A.A. Ždanova. Serija geografičeskich nauk ;
|v vyp. 23
|
| 504 |
|
|
|a Obsahuje bibliografii
|
| 700 |
1 |
|
|a Ivanov, K. Je.
|4 edt
|
| 810 |
2 |
|
|a Leningradskij gosudarstvennyj universitet imeni A.A. Ždanova.
|t Učenyje zapiski.
|p Serija geografičeskich nauk
|
| 910 |
|
|
|a BOA001
|b 2-0734.047
|
| 990 |
|
|
|a BK
|
| 991 |
|
|
|b 201209
|
| 996 |
7 |
|
|b 2619624507
|c 2-0734.047
|l Sklad H1
|r Sklad / do 24 hodin
|n 0
|h HS212
|w 001280650
|u 000010
|a 1
|e BOA001
|j MZK50
|s A
|